Instalaciones domóticas : instalaciones eléctricas y automáticas

Bibliographic Details
Main Author: Mora Vallina, Miguel
Format: Section = Libro
Language:Undetermined
Spanish
Published: Madrid, España Paraninfo 2011
Subjects:
LEADER 00747nam a2200241Ia 4500
008 240829s9999 xx 000 0 und d
020 |a 978-84-9732-858-6 
040 |a BIBLIOTECA-RUSB/ 621.30287 M831 
041 |a spa 
082 |a 621.30287 M831 
100 1 |a Mora Vallina, Miguel 
245 1 0 |a Instalaciones domóticas : instalaciones eléctricas y automáticas 
260 |a Madrid, España  |b Paraninfo  |c 2011 
300 |a 183 p. :il. 
650 7 |a INSTALACIONES ELECTRONICAS 
650 7 |b  TECNOLOGIA DOMOTICAS 
650 7 |c  DOMOTICA-TECNICAS DE AUTOMATIZACION AL HOGAR 
650 7 |d  CABLEADO ELECTRICO 
650 7 |e  MONTAJE ELECTRICO 
650 7 |f  VIVIENDAS Y EDIFICIOS INTELEGENTES 
942 |c BK  |2 ddc 
991 |a TEXTO 
999 |c 2942